000 00689cam a22002413a 4500
001 26730
003 PGUSA
005 20140828083557.0
008 080930s2008||||xxu|||||s|||||000 | eng d
040 _aPGUSA
_beng
042 _adc
050 4 _aPQ
100 1 _aGozzi, Carlo,
_d1720-1806
245 1 0 _aTurandot, Princess of China :
_bA Chinoiserie in Three Acts
_h[electronic resource] /
_cCarlo Gozzi
260 _bProject Gutenberg,
_c2008
506 _aPublic domain in the USA.
516 _aElectronic text
653 _aDrama
700 1 _aBithell, Jethro,
_d1878-1962
830 0 _aProject Gutenberg
_v26730
856 4 0 _uhttp://www.gutenberg.org/ebooks/26730
942 _cEB
999 _c255985
_d255985